| 000 | 03246cam a22004574i 4500 | ||
|---|---|---|---|
| 003 | PE-LiUPU | ||
| 005 | 20250731165444.0 | ||
| 008 | 160929s2015 pe a grm 000 0 spa d | ||
| 035 | _a(Sirsi) a163869 | ||
| 040 |
_aPE-LiUPU _bspa _cPE-LiUPU _erda |
||
| 099 |
_aTE 3 _bC17 2015 |
||
| 100 | 1 |
_aCalsina Jove, Agustín Moisés _ eautor |
|
| 245 | 1 | 4 |
_aLos organizadores del conocimiento y el aprendizaje significativo: un estudio cualitativo en los estudiantes de la institución educativa n°38911/Mx-P "Jesús de Nazareth" de San Lucas, Vinchos Ayacucho, 2014-2015 / _cAgustín Moises Calsina Jove. |
| 264 | 0 | _c2015. | |
| 300 |
_a80 hojas : _bilustraciones; _c30 cm |
||
| 336 |
_atext _2rdacontent |
||
| 337 |
_aunmediated _2rdamedia |
||
| 338 |
_avolume _2rdacarrier |
||
| 502 |
_aTesis _b(Mg.) -- _cUniversidad Peruana Unión, _d2015. |
||
| 504 | _aIncluye referencias | ||
| 520 | 3 | _aEl objetivo del presente trabajo de investigación cualitativa fue desarrollar y/o mejorar el aprendizaje de los niños y niñas del área de estudio, a través de la elaboración de organizaciones del conocimiento en las diferentes sesiones de aprendizaje, con la participación de niños y niñas del 6to grado de educación primaria de la Institución Educativa n°38911 Mx-P "Jesús de Nazareth" de San Lucas-Vinchos: Ayacucho. Se utilizó el método cualitativo con diseño investigación acción. Los datos se analizaron mediante la categorización, estructuración y teorización. Los resultados del trabajo de investigación se pudieron evidenciar a partir de la elaboración de un plan de acción, se plasmó las actividades a desarrollar. En la actividad n°1 respecto al taller programado, para los docentes del área de estudio sobre la elaboración de organizadores fue concretado de acuerdo con los objetivos propuestos, así como en la actividad n°2 se desarrolló una serie de sesiones de aprendizaje, con la participación de los niños y niñas del área de estudio, elaborando organizadores del conocimiento; de esta manera, los niños formados en equipos pudieron desarrollar las capacidades de organización, asimilación y adaptación. En la actividad n°3 se concretó una reunión con los padres de familia, para realizar una charla de sensibilización con el propósito de comprometerlos en las actividades académicas de sus hijos. Se concluye que la sistemática elaboración de organizadores del conocimiento, en cada una de las sesiones de aprendizaje, permite desarrollar y, en algunos casos, mejorar las capacidades de organización, asimilación y adaptación para lograr un aprendizaje significativo. | |
| 526 | _aSEG44 | ||
| 526 | _aSEG26 | ||
| 526 | _aP151 | ||
| 526 | _aP150 | ||
| 526 | _aP149 | ||
| 526 | _aP146 | ||
| 526 | _aP145 | ||
| 526 | _aP126 | ||
| 526 | _aP125 | ||
| 526 | _aP92 | ||
| 526 | _aP75 | ||
| 526 | _aP74 | ||
| 526 | _aP27 | ||
| 526 | _aP15 | ||
| 650 | 0 | 4 |
_aEducación primaria _xAprendizaje significativo |
| 650 | 0 | 4 |
_aEstrategias de aprendizaje _xMetodología |
| 596 | _a1 | ||
| 942 |
_2ddc _cTESIS |
||
| 999 |
_aTE 3 C17 2015 _wALPHANUM _c12725 _iT02026 _lCCODEBUL3 _mBUL _r1 _sY _tTESIS _u2016-9-29 _xPOSGRADO _PP57 _o.STAFF. Tesis _d12725 |
||
| 980 |
_81 _gALBERTO SANCHEZ Responsable de Automatización |
||